| 000 | 00520nam a22001577a 4500 | ||
|---|---|---|---|
| 005 | 20090519113259.0 | ||
| 008 | 090519t xxu||||| |||| 00| 0 eng d | ||
| 040 |
_adpl _cdbad |
||
| 245 | _aIndo-Iranica : the quarterly organ of the Iran society | ||
| 260 |
_aKolkata _bIran Society _c2008- |
||
| 300 |
_av. _c24 cm |
||
| 310 | _aQuarterly | ||
| 270 |
_a12 Dr M. Ishaque Road _bKolkata _e700016 _k22269899 |
||
| 942 |
_2ddc _cSR _s1 |
||
| 999 |
_c26556 _d26556 |
||